000 01099cam a22001934a 4500
005 20250605164359.0
008 250528s ||||||||||||||||||||||||d
035 _a24499
040 _aGR-AtMCL
_bgre
_dGR-AtMCL
_eAACR2
245 1 _aCooking Good / Bosch Και Jungle κάτι Μαγειρεύουν Περά με το 'Ραχχί'
260 _c2017
300 _a50
520 _aΤο Μέλλον της Ομορφιάς είναι Ψηφιακό, Για 9η Συνεχή Χρονιά Επιβραβεύεται η Εταιρική Υπευθυνότητα, Αναγνωρίζοντας τις Βέλτιστες Πρακτικές στο Performance Marketing, Δεν Υπάρχει Κάτι πιο Μοντέρνο Σήμερα από την Παράδοση, Η 'Πρώτη Γραμμή' στην Ενημέρωση, Σε Διαδικασία Ψηφιακής Ωρίμανσης οι Τουριστικές Επιχειρήσεις.
700 1 _aΚορδελάς Δημήτρης
_99464
942 _cCR
710 2 _aThe Marketing Week
_99825
999 _c9376
_d9376